000 00563nam a2200181Ia 4500
008 090630s9999 xx 000 0 und d
082 _b23926
100 _aप्रा. बोधे व. बा.
245 _aलागीर.
_cप्रा. बोधे व. बा.
260 _bसंयम - पुणे.
300 _a0
600 _aप्रा. बोधे व. बा.
630 _aलागीर.
655 _aकादंबरी.
700 _aप्रा. बोधे व. बा.
730 _aलागीर.
942 _cBOOK
999 _c275782
_d275782